00527nam a22001697a 450000500170000001000150001702000260003203500140005803700130007208200150008510000260010024500740012626000400020027000450024030000220028550000500030720161130115105.0 aENG-116711 a9788184846232c880.00 aEN-100243 bDBAD/PUB a361.430954 aRao,Allu Gowri Sankar aSelf-helf groups and empowerment of women /cby Allu Gowri Sankar Rao aNew DelhibRegal Publicationsc2016 aF-159, Rajouri GardenbNew Delhie110027 ax,196p.c23cm(Hb) aIncludes bibliographical references and index